00458 a2200121 4500100002600000245007800026300004200104650002300146773005500169942000700224952008800231999001700319 aFUGU, Mohammed924108 aBoost for shea sector . 1000 seedling planted in savannah ecological zone aThursday, September 14, 2023 Pages 13 aAgriculture 956400 dAccra Daily Graphic 2023tDaily Graphicx0855-1529 cPR 001040718PRaPLbPLcTFWWd2023-09-27l0r2023-09-27 00:00:00t1w2023-09-27yPR c46038d46038